000 01565nam a2200325 i 4500
003 DO-SdBNP
005 20260223093929.0
007 ta
008 260130b2025 dr ||||| |||| 00| 0 spa d
020 _a9789945944310
040 _aDO-SdBNP
_bspa
_cBNPHU
_erda
041 _aspa
082 4 _axxx
_bR696p
_222
100 _aRodríguez, Danilo,
_eautor
_4aut.
_929850
245 1 0 _aPrincipio de incertidumbre /
_cDanilo Rodríguez ; edición, Diana Ortega Rodríguez
264 4 _aSanto Domingo, República Dominicana :
_bEditora Búho,
_c©2025.
300 _a238 páginas ;
_c21 cm.
336 _atexto
_btxt
_2rdacontent
337 _asin mediación
_bn
_2rdamedia
338 _avolumen
_bnc
_2rdacarrier
500 _aLa biblioteca posee tres ejemplares autografíado por el autor
505 _aII. Tal vez Lidia, II -- 39 Julieta vuelve a casa -- 57[Un cuento de Frank sin títulos todavía] -- 65 Paloma o las canciones del silencio -- 83 Un posible final para Eddy -- 95 Don Tomás Minier y la criatura -- 113 De cómo Arnaldo usa las palabras cómo uñas -- 127 La anunciación de Esteban -- 145 Delirio e infortunio del poeta Eulalio Días Badillo -- 197 Sopor de Flor -- 207 Los dueños de Landes -- 229 Jorge me sueña soñándole.
590 _aInventariado, 2026/BT
650 4 _aCuentos dominicanos
_2LEMB
650 4 _aLiteratura dominicana
_2LEMB
700 1 _aOrtega Rodríguez, Diana,
_eeditor
_4ed.
_988930
700 1 _aPineda, Denise,
_ecoordinador
_4co.
_988967
910 _aBtavárez/Validado. Control de calidad MFF
942 _2ddc
_cLBS1
999 _c60168
_d60168